| 000 | 00966nam a2200325 a 4500 | ||
|---|---|---|---|
| 001 | 000108194 | ||
| 003 | CHAP | ||
| 005 | 20220329144002.0 | ||
| 008 | 131217s2009 xxuaj |r| ||||||eng d | ||
| 010 | _a104656 | ||
| 011 | _a105628 | ||
| 040 | _cCHAP | ||
| 082 | 0 | 4 |
_a639.3 _bA65 |
| 245 | 1 | 0 |
_aAquaculture microbiology and biotechnology / _ceditado por Didier Montet y Ramesh C. Ray. |
| 260 |
_aEnfield, New Hampshire : _bScience, _cc2009-. |
||
| 300 |
_av. : _bil., tabs. |
||
| 505 | _aLa biblioteca tiene : v.2 | ||
| 590 |
_aBATCH-UPD _b05 _c20131217 _lUCH01 _h1100 |
||
| 590 |
_aE5995AHE _b05 _c20131217 _lUCH01 _h1059 |
||
| 650 | 1 | 4 |
_aAcuicultura _9758 |
| 650 | 1 | 4 |
_aMicrobiología acuática. _9125103 |
| 650 | 1 | 4 |
_aPeces. _986441 |
| 650 | 1 | 4 |
_aPeces _xEnfermedades. _986448 |
| 650 | 1 | 4 |
_aPeces _xGenética. _986450 |
| 700 | 1 |
_aMontet, Didier _b, ed. _9175539 |
|
| 700 | 1 |
_aRay, Ramesh C. _b, ed. _9175540 |
|
| 901 | _aBK | ||
| 942 | _cLIBRO | ||
| 942 | _n0 | ||
| 999 |
_c104656 _d104656 |
||